To była dekada- Ważne wydarzenia 1960-1969 - Statystyki

Ogólne statystyki
  • Ten quiz został rozwiązany 222 razy
  • Średni wynik to 12 z 20
Statystyki odpowiedzi
Rok Wydarzenie Odpowiedź % Poprawnych
1961 W tym mieście zbudowano mur oddzielający jego "kapitalistyczną" część od "socjalistycznej". Berlin
91%
1960 Togo, Wybrzeże Kości Słoniowej, Chad, Benin, Mauretania, Senegal oraz Republika Środkowoafrykańska uzyskują niepodległość i przestają być koloniami tego kraju. Francja
86%
1969 Ten człowiek jako pierwszy stawia stopę na księżycu. Neil Armstrong
85%
1963 W Dallas w zamachu ginie ten amerykański prezydent. John F Kennedy
84%
1965 Umiera ten znany brytyjski premier czasów wojennych. Winston Churchill
84%
1961 Ten człowiek, jako pierwszy przebywa w przestrzeni kosmicznej. Jurij Gagarin
77%
1960 Swoją premierę ma film oparty na tym dziele Sienkiewicza. Krzyżacy
70%
1963 Ten amerykański pastor baptystyczny, wygłasza słynne przemówienie "I Have a Dream". Martin Luther King
70%
1962 Władze Związku Radzieckiego rozmieszczają na terenie tego kraju wyrzutnie pocisków średnio zasięgu, rozpoczynając największy kryzys polityczny między USA a ZSRR. Kuba
68%
1967 Koalicja krajów arabskich dokonuje inwazji na ten kraj, rozpoczynając tzw. "Wojnę Sześciodniową". Izrael
65%
1968 Na terytorium tego kraju wkraczają wojska Układu Warszawskiego. Czechosłowacja
64%
1962 Na łamach komiksu wydawnictwa Marvel po raz pierwszy pojawia się ten super bohater, stworzony przez Stana Lee i Steva Ditko. Spider-Man
64%
1966 Na terenie tego kraju powstaje radykalna organizacja polityczna "Czarne Pantery". Stany Zjednoczone
54%
1969 W miejscowości Bethel w stanie Nowy Jork, odbywa się ten legendarny festiwal muzyki. The Woodstock Music and Art Fair
50%
1968 Władze PRL podejmują decyzję o zawieszeniu tego przedstawienia w reżyserii Kazimierza Dejmka. Dziady
46%
1964 Ten europejski kraj uzyskuje niepodległość od Wielkiej Brytanii. Malta
41%
1966 Amerykańska telewizja NBC rozpoczyna nadawanie tego serialu sci-fi, który do dziś jest symbolem pop kultury tego gatunku. Star Trek
39%
1965 Ten kraj oficjalnie zmienia swoją flagę, usuwając z niej tzw. "Union Jack". Kanada
35%
1967 W tym europejskim kraju władze przejmuje junta wojskowa "Czarnych Pułkowników". Grecja
27%
1964 W tym mieście odbywają się XXIII letnie igrzyska olimpijskie. Tokio
27%
Nie znaleziono quizów pasujących do podanych kryteriów
Rozkład punktacji
Procent ludzi z każdym wynikiem
Percentyl według liczby udzielonych odpowiedzi
Twoja historia wyników
Nie rozwiązałeś tego quizu